Kod etika perniagaan Malaysia =
| Corporate Author: | |
|---|---|
| Format: | Book |
| Published: |
Putrajaya:
Kementerian Perdagangan Dalam Negeri dan Hal Ehwal Pengguna,
2007.
|
| Subjects: |
| LEADER | 00540cam a2200145 7i4500 | ||
|---|---|---|---|
| 001 | 0000023106 | ||
| 005 | 20090709090000.0 | ||
| 090 | 0 | 0 | |a M 338.0409595 |b KEM |
| 110 | 2 | 0 | |a Kementerian Perdagangan Dalam Negeri dan Hal Ehwal Pengguna |
| 245 | 2 | 0 | |a Kod etika perniagaan Malaysia = |l Code of business ethics Malaysia. |
| 260 | 0 | 0 | |a Putrajaya: |b Kementerian Perdagangan Dalam Negeri dan Hal Ehwal Pengguna, |c 2007. |
| 300 | # | # | |a [v.p]. |
| 650 | 0 | 0 | |a Business ethics -- |z Malaysia |
| 651 | 0 | 0 | |a Malaysia |
| 999 | |a 0000022616 |b Book |c Malaysia |e Business Information Centre | ||